Guess the Debut KPOP Songs With Most Wins - Statistics

General Stats
  • This quiz has been taken 41 times
  • The average score is 4 of 20
Answer Stats
Hint Answer % Correct
13 Wins Eleven
56%
15 Wins Energetic
37%
5 Wins Magnetic
33%
6 Wins Crown
30%
9 Wins Dalla Dalla
30%
4 Wins Fearless
30%
5 Wins Attention
22%
13 Wins Seven
19%
9 Wins Flower
15%
4 Wins Like Crazy
15%
3 Wins Latata
11%
6 Wins On The Ground
11%
6 Wins Empty
7%
3 Wins In Bloom
7%
3 Wins La Vie en Rose
7%
5 Wins Pop!
7%
3 Wins Solo
7%
3 Wins Love Me Again
4%
3 Wins My Type
4%
3 Wins Whistle
4%
No matching quizzes found
Score Distribution
Percent of People with Each Score
Percentile by Number Answered
Your Score History
You have not taken this quiz